000 03806nam a22003013i 4500
001 BDZ0056968382
003 StDuBDS
005 20260310112410.0
007 cr||||||||||||
008 250213s2025 enk go 000|0 eng d
020 _a9783965334397
040 _aStDuBDS
_beng
_erda
_cStDuBDS
100 1 _aOtto N. , Bretzinger,
_eauthor.
245 1 0 _aDer Vermietungsassistent :
_bSet mit allen Formularen und Mustern, die Sie als Vermieter brauchen /
_cBretzinger Otto N.
264 1 _a[Place of publication not identified] :
_bWolters Kluwer Steuertipps GmbH,
_c2025.
300 _a1 online resource
336 _atext
_2rdacontent
337 _aunmediated
_2rdamedia
338 _avolume
_2rdacarrier
366 _b20250221
_cNot yet available
520 8 _aWenn Sie als Vermieter rechtliche und finanzielle Fehler vermeiden wollen, sollten Sie sich rechtzeitig mit den mietrechtlichen Regelungen und Grundsatzen befassen. Ihre Anspruche und Rechte als Vermieter bei der Vermietung von Wohnungen zu kennen ist allerdings nur das eine, das andere ist, diese auch in der Praxis tatsachlich gegenuber dem Mieter geltend zu machen. In der Praxis scheitern es nicht selten daran, dass gesetzlich vorgeschriebene Formalitaten nicht eingehalten oder die Rechte nicht fristgema wahrgenommen werden. In diesem Buch finden Sie Vertragsmuster, Formulierungshilfen und Musterbriefe, die Ihnen als Vermieter bei allem, was mit der Vermietung von Wohnungen zu tun hat, helfen sollen: Vertrage richtig formulieren, Ihre Rechte Mietern gegenuber geltend machen und so eine fur Sie gunstige Rechtslage schaffen. Umfangreiche Checklisten geben Ihnen Handlungsanleitungen und fassen bei den wichtigen rechtlichen Fragen das Wesentliche zusammen. Der Vermietungsassistent enthalt Mustervertrage, Musterbriefe und Formulierungshilfen- fur die Begrundung des Mietverhaltnisses: U.a. Mieter-Selbstauskunft, Mietschuldenfreiheitsbescheinigung, Textbausteine fur den Mietvertrag, Wohnungsubergabeprotokoll, Kautionsbestatigung;- fur das laufende Mietverhaltnis: U.a. Mahnung wegen ruckstandiger Miete, Betriebskostenabrechnung, Abmahnung wegen Verletzung des Mietvertrags, Aufforderung zur Duldung von Instandhaltungs- und Instandsetzungsarbeiten, Erlaubnis zur Untervermietung, Verbot der Haustierhaltung, Aufforderung zur Duldung von Modernisierungsarbeiten, Muster einer Modernisierungsvereinbarung, Geltendmachung von Mieterhohungen;- fur die Beendigung des Mietverhaltnisses: U.a. ordentliche und au erordentliche (fristlose) Kundigung des Mietvertrags, Muster eines Mietaufhebungsvertrags, Wohnungsabnahmeprotokoll, Aufforderung zum Ruckbau von Bauten und Einrichtungen, Aufforderung zur Durchfuhrung von Schonheitsreparaturen, Abrechnung der Mietkaution.Insgesamt will Sie der der Vermietungsassistent bei der Verwaltung Ihrer vermieteten Wohnung begleiten und Hilfestellung bei der praktischen Umsetzung Ihrer Rechte und Anspruche gegenuber dem Mieter leisten. Somit ist der Vermietungsassistent ihr praktischer Helfer bei allem was es bei der Vermietung einer Wohnung zu tun und zu beachten gibt!
520 8 _aIn this book you will find sample contracts, drafting aids and sample letters that are intended to help you as a landlord with everything that has to do with renting out apartments: formulating contracts correctly, asserting your rights against tenants and thus creating a legal situation that is favourable to you. Extensive checklists provide you with instructions for action and summarize the essentials of the important legal issues.
650 _aLANDLORD AND TENANT
650 _aEBOOK
651 _aGERMANY
856 4 0 _uhttps://www.vlebooks.com/product/openreader?id=RICS&accId=9491556&isbn=9783965334397
_zAvailable via Vlebooks (email [email protected] for access)
942 _2ddc
999 _c122305
_d122305